Statistics for Most populous countries in 1900

Click here to take the quiz!

General Stats

  • This quiz has been taken 37 times
  • The average score is 15 of 20

Answer Stats

PopulationCountry% Correct
384MBritish Empire
100%
78MFrance
97%
56MGermany
97%
136MRussian Empire
97%
17MBrazil
94%
46MJapanese Empire
94%
31MOttoman Empire
94%
75MUnited States
94%
13MMexico
91%
32MItaly
88%
18MSpain
88%
77MNetherlands
85%
12MPortuguese Empire
85%
47MHabsburg Monarchy
74%
9MPersia
65%
17MKorean Empire
62%
400MQing Empire
59%
7MMorocco
35%
12MAbyssinia
12%
7MUnion Between Sweden and Norway
3%

Score Distribution

Percentile by Number Answered

Percent of People with Each Score

Your Score History

You have not taken this quiz